000 00452nam a22001697a 4500
005 20260204101002.0
008 260204b |||||||| |||| 00| 0 eng d
020 _a978-0-4140-2672-8
100 _aFREEMAN, MICHAEL , FBA
245 _aLLOYD'S INTRODUCTION TO JURISPRUDENCE
250 _a9TH ED.
260 _aLONDON
_bTHOMSON REUTERS
_c2014
300 _aXLII,1617P.
500 _aINCLUDES AN INDEX
650 _aJURISPRUDENCE
942 _2lcc
_cBK
999 _c216530
_d216530